El siglo XVIII en la preilustración salmantina (Registro nro. 49379)

Detalles MARC
000 -LEADER
campo de control de longitud fija 00740nam a2200205 i 4500
001 - NÚMERO DE CONTROL
campo de control 49379
003 - IDENTIFICADOR DE NÚMERO DE CONTROL
campo de control ES-MaACL
005 - FECHA Y HORA DE LA ÚLTIMA TRANSACCIÓN
campo de control 20230906161936.0
007 - CAMPO FIJO DE DESCRIPCIÓN FÍSICA--INFORMACIÓN GENERAL
campo de control de longitud fija t|
008 - DATOS DE LONGITUD FIJA--INFORMACIÓN GENERAL
campo de control de longitud fija 030715s1981 sp ||||1| spa d
100 1# - ENTRADA PRINCIPAL--NOMBRE DE PERSONA
Nombre de persona Cortina Iceta, Juan Luis.
9 (RLIN) 40947
245 13 - MENCIÓN DEL TÍTULO
Título El siglo XVIII en la preilustración salmantina
Resto del título : vida y pensamiento de Luis de Losada (1681-1748) /
Mención de responsabilidad, etc. Juan Luis Cortina Iceta.
260 ## - PUBLICACIÓN, DISTRIBUCIÓN, ETC.
Lugar de publicación, distribución, etc. Zamora :
Nombre del editor, distribuidor, etc. [Instituto Enrique Flórez],
Fecha de publicación, distribución, etc. 1981.
300 ## - DESCRIPCIÓN FÍSICA
Extensión XXIII, 770 p. ;
Dimensiones 24 cm.
490 1# - MENCIÓN DE SERIE
Mención de serie Monografías de historia eclesiástica ;
Designación de volumen o secuencia 11
830 0# - PUNTO DE ACCESO ADICIONAL DE SERIE-TÍTULO UNIFORME
Título uniforme Monografías de historia eclesiástica ;
Designación de volumen o secuencia 11
9 (RLIN) 184367
852 ## - LOCALIZACIÓN
Ubicación ES-MaACL
Número de control de estantería L-1929
Sublocalización o colección R.103105
852 ## - LOCALIZACIÓN
Ubicación ES-MaACL
Número de control de estantería L-2971
Sublocalización o colección R.103913
Existencias
Estatus retirado Estado de pérdida Estado de daño No para préstamo Biblioteca de origen Biblioteca actual Ubicación en estantería Fecha de adquisición Fuente de adquisición Total de préstamos Signatura topográfica completa Código de barras Visto por última vez Precio de reemplazo Tipo de ítem Koha
        Biblioteca del Ateneo de Madrid Biblioteca del Ateneo de Madrid Depósito 2 17/01/2008     L-2971 1051958 23/02/2023 23/02/2023 Libro impreso
        Biblioteca del Ateneo de Madrid Biblioteca del Ateneo de Madrid Depósito 2 17/01/2008     L-1929 1051957 23/02/2023 23/02/2023 Libro impreso